00571nam a2200193 a 4500008004100000020001500041050001500056100002500071245004100096250001200137260004300149300002200192350000900214500005100223650002500274650002900299650002700328700002200355120416s1986 ||||||||||||||||| || u a0471802379 aTJ 175 Mab aReinholtz, Charles F10aMechanisms and dynamics of machinery a4th ed. aNew York :bJohn Wiley and Sonsc1986. axii, 644p. : ill. a0.00 aIncludes bibliographical references and index. aMechanical movements aMachinery, Kinematics of aMACHINERY, DYNAMICS OF aMabie, Hamilton H